Seguros sociales (Record no. 74200)
[ view plain ]
| 000 -LEADER | |
|---|---|
| campo de control de longitud fija | 00549nam a2200169 i 4500 |
| 001 - NÚMERO DE CONTROL | |
| campo de control | 74200 |
| 003 - IDENTIFICADOR DE NÚMERO DE CONTROL | |
| campo de control | ES-MaACL |
| 005 - FECHA Y HORA DE LA ÚLTIMA TRANSACCIÓN | |
| campo de control | 20230906172041.0 |
| 007 - CAMPO FIJO DE DESCRIPCIÓN FÍSICA--INFORMACIÓN GENERAL | |
| campo de control de longitud fija | t| |
| 008 - DATOS DE LONGITUD FIJA--INFORMACIÓN GENERAL | |
| campo de control de longitud fija | 040916s1926 sp ||||1| spa d |
| 100 1# - ENTRADA PRINCIPAL--NOMBRE DE PERSONA | |
| Nombre de persona | Posada, Carlos G. ( |
| Fechas asociadas al nombre | 1890-1948) |
| 9 (RLIN) | 93318 |
| 245 10 - MENCIÓN DEL TÍTULO | |
| Título | Seguros sociales |
| Resto del título | : (enfermedad, invalidez, vejez, muerte) / |
| Mención de responsabilidad, etc. | por Carlos González Posada. |
| 260 ## - PUBLICACIÓN, DISTRIBUCIÓN, ETC. | |
| Lugar de publicación, distribución, etc. | Madrid : |
| Nombre del editor, distribuidor, etc. | [s.n., |
| Fecha de publicación, distribución, etc. | 1926] ( |
| Fabricante | Asilo de Huérfanos Corazón de Jesús) |
| 300 ## - DESCRIPCIÓN FÍSICA | |
| Extensión | 312 p. ; |
| Dimensiones | 22 cm. |
| 650 ## - PUNTO DE ACCESO ADICIONAL DE MATERIA--TÉRMINO DE MATERIA | |
| Término de materia o nombre geográfico como elemento de entrada | Seguridad social. |
| 9 (RLIN) | 136859 |
| 852 ## - LOCALIZACIÓN | |
| Ubicación | ES-MaACL |
| Número de control de estantería | B-3613 |
| Estatus retirado | Estado de pérdida | Estado de daño | No para préstamo | Biblioteca de origen | Biblioteca actual | Ubicación en estantería | Fecha de adquisición | Fuente de adquisición | Total de préstamos | Signatura topográfica completa | Código de barras | Visto por última vez | Precio de reemplazo | Tipo de ítem Koha |
|---|---|---|---|---|---|---|---|---|---|---|---|---|---|---|
| Biblioteca del Ateneo de Madrid | Biblioteca del Ateneo de Madrid | Sala Pardo Bazán | 17/01/2008 | B-3613 | 1077671 | 23/02/2023 | 23/02/2023 | Libro impreso |
